[Event "ch-RUS Blitz Women 2017"]
[Site "Sochi RUS"]
[Date "2017.10.02"]
[Round "14.15"]
[White "Kovanova, Baira"]
[Black "Markelova, Lubov"]
[Result "1-0"]
[WhiteTitle "WGM"]
[BlackTitle "WFM"]
[WhiteElo "2371"]
[BlackElo "2119"]
[WhiteFideId "4164083"]
[BlackFideId "24131369"]
[EventDate "2017.10.02"]
[EventType "blitz"]

1. e4 e6 2. d3 d5 3. Qe2 dxe4 4. dxe4 e5 5. Nf3 Nc6 6. c3 Nf6 7. Qc2 Bc5 8. Be2
O-O 9. O-O a5 10. Bg5 h6 11. Bh4 Qe7 12. Nbd2 b6 13. Rfe1 Ba6 14. Bxa6 Rxa6 15.
Nf1 b5 16. Ng3 Qe6 17. Nf5 Kh7 18. a3 Ne7 19. Rad1 g6 20. Nxe7 Bxe7 21. Bg3 Bd6
22. Qe2 Rb6 23. Qc2 Nh5 24. Rd5 Nxg3 25. hxg3 b4 26. Rxa5 bxc3 27. Qxc3 Rb3 28.
Qc1 Rfb8 29. Re2 R8b6 30. Rc2 Rd3 31. Qf1 Rdb3 32. Qc1 Rd3 33. Qf1 Rdb3 34. Qe2
Qe7 35. Rd5 Qe6 36. Qd2 Kg7 1-0

[Event "ch-RUS Blitz Women 2017"]
[Site "Sochi RUS"]
[Date "2017.10.02"]
[Round "14.16"]
[White "Pischal, Yulia"]
[Black "Bykova, Anastasia"]
[Result "0-1"]
[WhiteTitle "WFM"]
[BlackTitle "WFM"]
[WhiteElo "1963"]
[BlackElo "2234"]
[WhiteFideId "14102390"]
[BlackFideId "4164970"]
[EventDate "2017.10.02"]
[EventType "blitz"]

1. f4 d5 2. Nf3 Nf6 3. e3 g6 4. b3 Bg7 5. Bb2 c5 6. Ne5 Nbd7 7. d4 Nxe5 8. fxe5
Ne4 9. Nd2 Qa5 10. Bd3 Bg4 11. Qc1 cxd4 12. Bxd4 Nc5 13. b4 Qxb4 14. Rb1 Qa5 15.
Bb5+ Nd7 16. O-O O-O 17. a4 Nxe5 18. Qb2 Qc7 19. Rf2 f6 20. Bf1 Nc6 21. Bc3 Rab8
22. Qa2 Be6 23. Qa3 Bf7 24. Nf3 e5 25. Be2 Rfd8 26. Rff1 Bf8 27. Qa1 Bc5 28. Kh1
Bxe3 29. Ne1 d4 30. Bb2 Bg5 31. Nf3 Bh6 32. Bd3 Bg7 33. Rbe1 Re8 34. Nd2 f5 35.
Nb3 Rbd8 36. Be2 e4 37. Rd1 Qb6 38. a5 Qb4 39. Ba3 Qa4 40. Qb2 Nxa5 41. Nxa5
Qxa5 42. Bb4 Qb6 43. Qa3 a6 44. Bc5 Qc6 45. Bb4 Be6 46. Rfe1 Bf7 47. Rb1 Qd7 48.
Bf1 d3 49. cxd3 exd3 50. Red1 Bc4 51. Bc3 Bxc3 52. Qxc3 b5 53. Ra1 Re6 54. h3
Qd4 55. Qa5 Qd6 56. Qd2 Re7 57. Qh6 0-1

[Event "ch-RUS Blitz Women 2017"]
[Site "Sochi RUS"]
[Date "2017.10.02"]
[Round "15.1"]
[White "Nechaeva, Marina"]
[Black "Bodnaruk, Anastasia"]
[Result "0-1"]
[WhiteTitle "IM"]
[BlackTitle "IM"]
[WhiteElo "2431"]
[BlackElo "2432"]
[WhiteFideId "4149351"]
[BlackFideId "4181751"]
[EventDate "2017.10.02"]
[EventType "blitz"]

1. d4 Nf6 2. c4 g6 3. Nf3 Bg7 4. g3 O-O 5. Bg2 d6 6. O-O Nc6 7. Nc3 a6 8. e3 Rb8
9. Qe2 b5 10. Rd1 bxc4 11. Qxc4 Bb7 12. d5 Na5 13. Qd3 c5 14. Rb1 Bc8 15. e4 Nd7
16. b3 c4 17. bxc4 Nc5 18. Qc2 Rxb1 19. Nxb1 Bd7 20. Re1 Ba4 21. Qe2 Qb6 22. Bd2
Rb8 23. Bf1 Rc8 24. e5 Ncb7 25. Nc3 Be8 26. exd6 Nxd6 27. Ne4 Ndxc4 28. Bf4 Qb5
29. Qd3 Qb7 30. Bg2 Bb5 31. Qd1 Qd7 32. Nd4 Nb2 33. Qd2 Nac4 34. Qc3 Na4 35. Qa1
Nab6 36. Qd1 Nxd5 37. Nxb5 axb5 38. Ng5 e6 39. Nf3 Qa7 40. Ne5 Nxf4 41. gxf4
Nxe5 42. fxe5 Qxa2 43. Qd7 Qc4 44. Rd1 b4 45. Bf1 Qc5 46. Rb1 Bxe5 47. Qd3 Bd4
48. Qe2 e5 49. Rb3 Qd6 50. Qe4 Rc1 51. Kg2 Kg7 52. Be2 Qe6 53. Rf3 b3 54. Qb7 b2
55. Bd3 Rd1 56. Bc2 Qg4+ 57. Rg3 Qe6 58. Rf3 Rc1 59. Be4 Qg4+ 60. Rg3 Qc8 61.
Qb3 Qc4 62. Qxc4 Rxc4 63. Rb3 Rc1 64. Rb7 Kh6 65. h4 f5 66. Bd3 Rd1 67. Bc2 Rd2
68. Bb1 Rxf2+ 0-1

[Event "ch-RUS Blitz Women 2017"]
[Site "Sochi RUS"]
[Date "2017.10.02"]
[Round "15.2"]
[White "Girya, Olga"]
[Black "Goryachkina, Aleksandra"]
[Result "1/2-1/2"]
[WhiteTitle "WGM"]
[BlackTitle "WGM"]
[WhiteElo "2505"]
[BlackElo "2478"]
[WhiteFideId "4195752"]
[BlackFideId "4147103"]
[EventDate "2017.10.02"]
[EventType "blitz"]

1. d4 d5 2. c4 e6 3. Nf3 Nf6 4. Nc3 Be7 5. Bf4 O-O 6. e3 b6 7. Bd3 Bb7 8. O-O c5
9. cxd5 Nxd5 10. Nxd5 Qxd5 11. Qc2 h6 12. Rfd1 cxd4 13. Bf1 Rc8 14. Qe2 Ba6 15.
Qe1 Bxf1 16. Qxf1 Nc6 17. Nxd4 Nxd4 18. Rxd4 Qf5 19. Rd7 Bf6 20. Rad1 Bxb2 21.
Qa6 Bf6 22. Rxa7 Qc2 23. Rf1 Rxa7 24. Qxa7 b5 25. Qb7 Qc4 26. h3 Rd8 27. Rb1
Qxa2 28. Qxb5 Qd5 1/2-1/2

[Event "ch-RUS Blitz Women 2017"]
[Site "Sochi RUS"]
[Date "2017.10.02"]
[Round "15.3"]
[White "Bivol, Alina"]
[Black "Voit, Daria"]
[Result "1-0"]
[WhiteTitle "WGM"]
[BlackTitle "FM"]
[WhiteElo "2356"]
[BlackElo "2387"]
[WhiteFideId "4100123"]
[BlackFideId "4182146"]
[EventDate "2017.10.02"]
[EventType "blitz"]

1. Nf3 c5 2. e4 d6 3. d4 cxd4 4. Nxd4 Nf6 5. Nc3 g6 6. Be3 Bg7 7. f3 O-O 8. Qd2
Nc6 9. g4 Be6 10. O-O-O Ne5 11. h4 h5 12. gxh5 Nxh5 13. Rg1 Bc4 14. f4 Bxf1 15.
Rgxf1 Nc4 16. Qd3 Nxe3 17. Qxe3 Bh6 18. e5 dxe5 19. Qxe5 Bg7 20. Qe3 Qb6 21.
Nce2 e6 22. c3 Rac8 23. Kb1 Nf6 24. Qf3 Rfd8 25. Rg1 a5 26. Ng3 a4 27. a3 Nd5
28. Ka1 Qd6 29. Nge2 Qc5 30. h5 Ne7 31. hxg6 Nxg6 32. f5 exf5 33. Nxf5 Rxd1+ 34.
Rxd1 Re8 35. Neg3 Bf8 36. Nh5 Qe5 37. Rd5 Qe1+ 38. Ka2 Qe6 39. Nd4 Qe1 40. Nf6+
Kg7 41. Nxe8+ Qxe8 42. Nf5+ Kg8 43. Qg3 Qe6 44. c4 Qe4 45. Qc3 b6 46. Rb5 Qe6
47. Qc2 Bc5 48. Nh6+ Kh7 49. Nf5 Qe5 50. Qd3 Nf4 51. Qc2 Ng6 52. Qd3 Nf4 53. Qc2
Ng6 54. Qd3 Nf4 55. Qc2 Ng6 56. Nh4 Qd4 57. Nxg6 fxg6 58. Qh2+ Kg7 59. Qc7+ Kh6
60. Qh2+ Kg5 61. Qg3+ Kf5 62. Qf3+ Ke6 63. Qc6+ Kf7 64. Qf3+ Kg7 65. Qb7+ Kh6
66. Qh1+ Kg5 67. Qg2+ Kh5 68. Qh3+ Qh4 69. Qf3+ Qg4 70. Qh1+ Kg5 71. Qd5+ Kh6
72. Rxc5 bxc5 73. Qxc5 g5 74. Qd6+ Kh5 75. c5 Qc4+ 76. Kb1 g4 77. c6 Qf1+ 78.
Kc2 Qe2+ 79. Kc3 Kh4 80. c7 Qe3+ 81. Kc2 Qe2+ 82. Kc1 Qe3+ 83. Kc2 Qe2+ 84. Kb1
Qe4+ 85. Ka1 Qe1+ 86. Ka2 g3 87. Qd8+ Kh3 88. c8=Q+ Kg2 89. Qc2+ 1-0

[Event "ch-RUS Blitz Women 2017"]
[Site "Sochi RUS"]
[Date "2017.10.02"]
[Round "15.4"]
[White "Kashlinskaya, Alina"]
[Black "Ambartsumova, Karina"]
[Result "1-0"]
[WhiteTitle "IM"]
[BlackTitle "WGM"]
[WhiteElo "2455"]
[BlackElo "2359"]
[WhiteFideId "4198026"]
[BlackFideId "4166299"]
[EventDate "2017.10.02"]
[EventType "blitz"]

1. d4 Nf6 2. c4 g6 3. Nc3 Bg7 4. e4 d6 5. f4 O-O 6. Nf3 c5 7. d5 e6 8. Be2 a6 9.
a4 Re8 10. O-O exd5 11. exd5 a5 12. Bd3 Na6 13. f5 Nb4 14. fxg6 fxg6 15. Bb1 Ng4
16. Bg5 Qd7 17. Qd2 Ne5 18. Nxe5 Bxe5 19. Bf6 Bxf6 20. Rxf6 Qe7 21. Rf1 Qe3+ 22.
Qxe3 Rxe3 23. Ne4 Ra6 24. Ra3 Re2 25. Raf3 Bf5 26. Ng3 Rxb2 27. Bxf5 gxf5 28.
Nxf5 Ra8 29. Nxd6 h6 30. h4 Nc2 31. Rg3+ Kh8 32. Rf6 Kh7 33. Nf5 1-0

[Event "ch-RUS Blitz Women 2017"]
[Site "Sochi RUS"]
[Date "2017.10.02"]
[Round "15.5"]
[White "Ubiennykh, Ekaterina"]
[Black "Drozdova, Dina"]
[Result "1/2-1/2"]
[WhiteTitle "WIM"]
[BlackTitle "WIM"]
[WhiteElo "2308"]
[BlackElo "2209"]
[WhiteFideId "4137582"]
[BlackFideId "4170695"]
[EventDate "2017.10.02"]
[EventType "blitz"]

1. d4 g6 2. c4 Bg7 3. e4 d6 4. Nc3 c5 5. d5 Nf6 6. Be2 a6 7. a4 O-O 8. h4 h5 9.
Nh3 Nbd7 10. Ng5 Ne5 11. Rb1 Rb8 12. Bf4 Nh7 13. O-O Bd7 14. Qd2 Nxg5 15. hxg5
Bg4 16. f3 Bc8 17. Rfc1 Nd7 18. Be3 Re8 19. Nd1 Nf8 20. Nf2 e6 21. f4 exd5 22.
cxd5 b5 23. axb5 axb5 24. Bf3 Bd7 25. Re1 b4 26. e5 Bf5 27. Rbd1 dxe5 28. Bxc5
exf4 29. Rxe8 Qxe8 30. Qxf4 Nd7 31. Bxb4 Qc8 32. Bc3 Bxc3 33. bxc3 Qxc3 34. Rc1
Qe5 35. Qxe5 Nxe5 36. Be4 Rd8 37. Rd1 Bg4 38. Rd4 Rd6 39. Nd3 Nxd3 40. Bxd3 Kg7
41. Bb5 f6 42. gxf6+ Kxf6 43. Bc6 Ke5 44. Rd2 Bf5 45. Kf2 Be4 46. Re2 Kd4 47.
Rd2+ Ke5 48. Re2 Kd4 49. Rd2+ Ke5 50. Re2 Kd4 51. Rd2+ 1/2-1/2

[Event "ch-RUS Blitz Women 2017"]
[Site "Sochi RUS"]
[Date "2017.10.02"]
[Round "15.6"]
[White "Pogonina, Natalija"]
[Black "Vasilevich, Tatjana"]
[Result "1-0"]
[WhiteTitle "WGM"]
[BlackTitle "IM"]
[WhiteElo "2466"]
[BlackElo "2360"]
[WhiteFideId "4147855"]
[BlackFideId "14101610"]
[EventDate "2017.10.02"]
[EventType "blitz"]

1. d4 Nf6 2. Nf3 e6 3. c4 d5 4. g3 Be7 5. Bg2 dxc4 6. O-O O-O 7. Qc2 a6 8. a4 c5
9. dxc5 Bxc5 10. Qxc4 Nbd7 11. Nc3 b5 12. Qd3 b4 13. Ne4 Bb7 14. Nxc5 Nxc5 15.
Qc4 Qa5 16. Bd2 Nd5 17. e4 Nb6 18. Qxb4 Qxb4 19. Bxb4 Rfc8 20. a5 Nc4 21. Bxc5
Rxc5 22. b3 Nd6 23. e5 Nf5 24. Rfc1 Rac8 25. Rxc5 Rxc5 26. b4 Rb5 27. Rb1 Bxf3
28. Bxf3 Nd4 29. Kg2 g6 30. Be4 Rxe5 31. Bb7 Nb5 32. Bxa6 Nc3 33. Rb3 Nd5 34.
Bc4 Nc7 35. a6 Na8 36. b5 Nb6 37. Rd3 Nxc4 38. Rd8+ Kg7 39. a7 Nb6 40. Rb8 Rxb5
41. a8=Q Nxa8 42. Rxb5 Nc7 43. Rb7 Nd5 44. f4 h5 45. Kf3 Kf6 46. h3 Ne7 47. g4
hxg4+ 48. hxg4 Nd5 49. Ke4 Kg7 50. Ke5 Kg8 51. f5 gxf5 52. gxf5 Kf8 53. f6 Kg8
54. Rb8+ Kh7 55. Rf8 Kg6 56. Rg8+ Kh6 57. Rg7 Ne3 58. Rxf7 Ng4+ 59. Kxe6 Ne3 60.
Rg7 Nc4 61. Rg1 1-0

[Event "ch-RUS Blitz Women 2017"]
[Site "Sochi RUS"]
[Date "2017.10.02"]
[Round "15.7"]
[White "Charochkina, Daria"]
[Black "Bezgodova, Svetlana"]
[Result "1-0"]
[WhiteTitle "IM"]
[BlackTitle "WIM"]
[WhiteElo "2321"]
[BlackElo "2060"]
[WhiteFideId "4180917"]
[BlackFideId "4110650"]
[EventDate "2017.10.02"]
[EventType "blitz"]

1. d4 Nf6 2. Bf4 d6 3. Nc3 Nbd7 4. Nf3 g6 5. e4 Bg7 6. Qd2 O-O 7. O-O-O c5 8.
Be3 cxd4 9. Bxd4 a6 10. h4 h5 11. Ng5 b5 12. f3 Bb7 13. g4 Rc8 14. gxh5 Nxh5 15.
Bxg7 Kxg7 16. Be2 b4 17. Qd4+ Ne5 18. Qxb4 Rb8 19. Qd4 Nf4 20. h5 Rh8 21. h6+
Kf8 22. Bc4 e6 23. Bb3 Ke7 24. Nh3 Nxf3 25. Qe3 Nxh3 26. Qxf3 Ng5 27. Qf4 Kf8
28. Rxd6 Qe7 29. Rxe6 Nxe6 30. Qxb8+ Nd8 31. Rd1 Rxh6 32. Rxd8+ Kg7 33. Rg8+ Kh7
34. Rh8+ Kg7 35. Qg8+ Kf6 36. Rxh6 Qd6 37. Rh1 Qf4+ 38. Kb1 Bxe4 39. Qd8+ Kg7
40. Qd4+ 1-0

[Event "ch-RUS Blitz Women 2017"]
[Site "Sochi RUS"]
[Date "2017.10.02"]
[Round "15.8"]
[White "Bykova, Anastasia"]
[Black "Styazhkina, Anna"]
[Result "0-1"]
[WhiteTitle "WFM"]
[BlackTitle "WIM"]
[WhiteElo "2234"]
[BlackElo "2301"]
[WhiteFideId "4164970"]
[BlackFideId "24119300"]
[EventDate "2017.10.02"]
[EventType "blitz"]

1. d4 d5 2. Nf3 Nf6 3. Bf4 c5 4. c3 Nc6 5. dxc5 a5 6. Nd4 e6 7. Nxc6 bxc6 8. b4
Ba6 9. Nd2 Be7 10. g3 d4 11. Bg2 Rc8 12. cxd4 Qxd4 13. a3 axb4 14. axb4 Bb5 15.
Rb1 Nd5 16. Bxd5 Qxd5 17. O-O O-O 18. Re1 Rfd8 19. Qc2 Bf6 20. Ne4 Qf5 21. Nxf6+
Qxf6 22. Rbd1 Rd4 23. Qb2 Rxf4 24. Qd2 Rc4 25. Qa2 h6 26. Qa7 Rxb4 27. Qd7 Rf8
28. Rd6 Rc4 29. Qa7 Qe5 30. Qa5 Qxc5 31. Rd7 Qb4 32. Qc7 Qxe1+ 0-1

[Event "ch-RUS Blitz Women 2017"]
[Site "Sochi RUS"]
[Date "2017.10.02"]
[Round "15.9"]
[White "Travkina, Anastasia"]
[Black "Sukhareva, Evgeniya"]
[Result "0-1"]
[WhiteTitle "WFM"]
[WhiteElo "2221"]
[BlackElo "2207"]
[WhiteFideId "24129151"]
[BlackFideId "4167155"]
[EventDate "2017.10.02"]
[EventType "blitz"]

1. e4 c5 2. Nf3 e6 3. d4 cxd4 4. Nxd4 a6 5. Bd3 Bc5 6. Nb3 Be7 7. Qg4 g6 8. O-O
Qc7 9. Nc3 Nf6 10. Qe2 d6 11. f4 Nbd7 12. Bd2 b5 13. Rae1 Bb7 14. e5 Nh5 15. Be4
d5 16. Bd3 b4 17. Nd1 a5 18. Kh1 Ng7 19. Nd4 Nf5 20. Bxf5 gxf5 21. Nxf5 exf5 22.
e6 fxe6 23. Qxe6 Nc5 24. Qxf5 Ne4 25. Be3 Qd6 26. Bd4 Rg8 27. Nf2 Qg6 28. Qh3
Bc8 29. Qf3 Bf5 30. Rg1 Bh4 31. Nxe4 Bxe4 32. Qb3 Bxe1 33. Qa4+ Kd8 0-1

[Event "ch-RUS Blitz Women 2017"]
[Site "Sochi RUS"]
[Date "2017.10.02"]
[Round "15.10"]
[White "Kovanova, Baira"]
[Black "Nebolsina, Vera"]
[Result "1/2-1/2"]
[WhiteTitle "WGM"]
[BlackTitle "WGM"]
[WhiteElo "2371"]
[BlackElo "2220"]
[WhiteFideId "4164083"]
[BlackFideId "4163591"]
[EventDate "2017.10.02"]
[EventType "blitz"]

1. e4 c5 2. Nc3 d6 3. g3 Nc6 4. Bg2 g6 5. d3 Bg7 6. Be3 Nf6 7. h3 Rb8 8. a4 a6
9. Qd2 b5 10. axb5 axb5 11. Nge2 b4 12. Nd1 O-O 13. O-O Bb7 14. f4 e6 15. e5 Nd5
16. Bf2 dxe5 17. Bxc5 Re8 18. fxe5 Nxe5 19. d4 Nc4 20. Qd3 Nd6 21. c4 bxc3 22.
bxc3 Nf5 23. Ra7 Ba8 24. Be4 Nf6 25. Bxa8 Rxa8 26. Rxa8 Qxa8 27. Qf3 Qa2 28. Nf2
Nd5 29. Nd1 Nf6 30. Nf2 Nd5 31. Nd1 Nf6 1/2-1/2

[Event "ch-RUS Blitz Women 2017"]
[Site "Sochi RUS"]
[Date "2017.10.02"]
[Round "15.11"]
[White "Kharmunova, Nadezhda"]
[Black "Tomilova, Elena"]
[Result "1-0"]
[WhiteTitle "WIM"]
[BlackTitle "WIM"]
[WhiteElo "2199"]
[BlackElo "2307"]
[WhiteFideId "4195876"]
[BlackFideId "4162340"]
[EventDate "2017.10.02"]
[EventType "blitz"]

1. Nf3 d5 2. g3 Nf6 3. Bg2 Bg4 4. O-O Nbd7 5. d3 e6 6. c4 c6 7. Nbd2 Be7 8. b4
Bxb4 9. Rb1 Bxd2 10. Bxd2 Qc7 11. h3 Bh5 12. Qb3 b6 13. Rfc1 O-O 14. cxd5 exd5
15. Bf4 Qb7 16. g4 Bg6 17. Nd4 Rac8 18. Bd6 Rfe8 19. g5 Nh5 20. Rc2 Nf8 21. Rbc1
Ne6 22. Nxc6 Rxc6 23. Qxd5 Rxc2 24. Qxb7 Rxc1+ 25. Kh2 Nxg5 26. Bc6 Rd8 27. Be7
Rf8 28. Bxg5 Rf1 29. Kg2 Re1 30. Be7 Rxe2 31. Bxf8 Nf4+ 32. Kf3 Bxd3 33. Kxf4
Kxf8 34. Qc8+ Ke7 35. Qd7+ 1-0

[Event "ch-RUS Blitz Women 2017"]
[Site "Sochi RUS"]
[Date "2017.10.02"]
[Round "15.12"]
[White "Potapova, Margarita"]
[Black "Gritsayeva, Oksana"]
[Result "1/2-1/2"]
[WhiteTitle "WFM"]
[BlackTitle "WFM"]
[WhiteElo "2163"]
[BlackElo "2373"]
[WhiteFideId "14126869"]
[BlackFideId "14104652"]
[EventDate "2017.10.02"]
[EventType "blitz"]

1. d4 g6 2. e4 Bg7 3. Nc3 c6 4. Nf3 d5 5. h3 Nf6 6. Bd3 dxe4 7. Nxe4 Nxe4 8.
Bxe4 Nd7 9. O-O O-O 10. c3 Nf6 11. Bc2 Bf5 12. Re1 Bxc2 13. Qxc2 e6 14. Bf4 Qa5
15. Bh2 Nd5 16. Ne5 Rad8 17. b4 Qa3 18. Rec1 Bxe5 19. Bxe5 f6 20. Bg3 b5 21. Qb3
Qa6 22. a4 Qb7 23. Re1 Rfe8 24. Ra2 Kf7 25. Rc1 Rd7 26. c4 Nb6 27. cxb5 cxb5 28.
axb5 Qd5 29. Qxd5 Nxd5 30. Rac2 Nxb4 31. Rc7 Rd8 32. Bd6 Nd5 33. Rxd7+ Rxd7 34.
Bc5 Rb7 35. Ra1 Rxb5 36. Rxa7+ Kg8 37. Ra8+ Kg7 38. Ra7+ Kg8 1/2-1/2

[Event "ch-RUS Blitz Women 2017"]
[Site "Sochi RUS"]
[Date "2017.10.02"]
[Round "15.13"]
[White "Kabanova, Ekaterina"]
[Black "Belenkaya, Dina"]
[Result "0-1"]
[WhiteTitle "WFM"]
[BlackTitle "WGM"]
[WhiteElo "2205"]
[BlackElo "2346"]
[WhiteFideId "24112917"]
[BlackFideId "24142654"]
[EventDate "2017.10.02"]
[EventType "blitz"]

1. c4 e5 2. e3 Nc6 3. a3 a6 4. Qc2 Bc5 5. b4 Ba7 6. Bb2 d6 7. d3 Nge7 8. Nd2 O-O
9. Ngf3 Bf5 10. Be2 h6 11. O-O Qd7 12. Rfe1 Rad8 13. Rac1 Rfe8 14. Red1 Bh7 15.
Qb3 Nc8 16. b5 axb5 17. cxb5 N6e7 18. a4 c6 19. bxc6 bxc6 20. d4 e4 21. Ne1 Nd5
22. Rxc6 Qxc6 23. Bb5 Qa8 24. Bxe8 Rxe8 25. Nc4 Rd8 26. a5 Bf5 27. Rc1 Be6 28.
Qa4 Bd7 29. Qc2 Bb5 30. Qxe4 Bxc4 31. Rxc4 Nce7 32. Rc1 Qb8 33. Ba3 Rc8 34. Rb1
Qc7 35. h4 Qxa5 36. Bxd6 Qd8 37. Bg3 Bb8 38. Rb7 Bxg3 39. fxg3 Rc7 40. Rb1 Qc8
41. Kh2 Rc1 42. Rxc1 Qxc1 43. Nc2 Qd2 44. g4 Qc3 45. g5 hxg5 46. hxg5 Qc7+ 47.
g3 Qd7 48. Ne1 Qf5 49. Qxf5 Nxf5 50. e4 Nxd4 51. exd5 Kf8 52. Kg2 Ke7 53. Nf3
Nf5 54. Ne5 Ne3+ 55. Kf3 Nxd5 56. Ke4 Nc3+ 57. Kf5 Ne2 58. Nc6+ Kd6 59. Ne5
Nxg3+ 60. Kf4 Nh5+ 61. Kf5 Ke7 62. Kg4 g6 63. Nd3 Ng7 64. Nf4 Ne6 65. Nd5+ Kd6
66. Nf6 Ke7 67. Nd5+ Kf8 68. Nf6 Ke7 69. Nd5+ Kd6 70. Nf6 Ng7 71. Ne4+ Ke5 72.
Nf6 Nf5 73. Nd7+ Kd6 74. Nf6 Ne3+ 75. Kf3 Nd5 76. Ne8+ Kd7 77. Ng7 Ke7 78. Ke4
Nc7 79. Ke5 Kf8 80. Nf5 gxf5 81. Kxf5 Kg7 82. Kg4 Kg6 83. Kf4 Ne6+ 84. Kg4 Nxg5
85. Kf4 f5 86. Kg3 Kf6 87. Kf4 Ne6+ 0-1

[Event "ch-RUS Blitz Women 2017"]
[Site "Sochi RUS"]
[Date "2017.10.02"]
[Round "15.14"]
[White "Maltsevskaya, Aleksandra"]
[Black "Garifullina, Leya"]
[Result "1-0"]
[BlackTitle "WCM"]
[WhiteElo "2260"]
[BlackElo "1936"]
[WhiteFideId "24174041"]
[BlackFideId "34127035"]
[EventDate "2017.10.02"]
[EventType "blitz"]

1. e4 e6 2. d4 d5 3. Nc3 Bb4 4. e5 c5 5. Bd2 Bxc3 6. Bxc3 cxd4 7. Bd2 Ne7 8. f4
Nbc6 9. Qg4 Ng6 10. Bd3 Qb6 11. Nf3 Nb4 12. O-O Nxd3 13. cxd3 Bd7 14. a4 O-O 15.
h4 Ne7 16. b4 Rac8 17. b5 a6 18. Bb4 Rfe8 19. Bxe7 Rxe7 20. bxa6 Qxa6 21. Rac1
Ree8 22. Rcd1 Qxa4 23. h5 h6 24. Qh4 Rc2 25. g4 Qa2 26. Qg3 Ba4 27. Ra1 Qb3 28.
Nxd4 Qb6 29. Rxa4 Rb2 30. Qe3 Rc8 31. Raa1 Rb4 32. Nf5 exf5 33. Qxb6 Rxb6 34.
gxf5 Rb4 35. Rab1 Rd4 36. Rxb7 Rxd3 37. e6 fxe6 38. fxe6 Re8 39. f5 Re3 40. Rf4
Re4 41. Rf3 d4 42. Rg3 Re1+ 43. Kf2 Re5 44. Rgxg7+ Kh8 45. Rh7+ Kg8 46. Rbg7+
Kf8 47. Rf7+ Kg8 48. Rhg7+ Kh8 49. Rg4 d3 50. Rd4 Rg8 51. Rxd3 Ra5 52. Rdd7 Rb8
53. Rh7+ Kg8 54. Rhg7+ Kh8 55. Rgf7 Rb2+ 56. Kf3 Rb4 57. Rd8# 1-0

[Event "ch-RUS Blitz Women 2017"]
[Site "Sochi RUS"]
[Date "2017.10.02"]
[Round "15.15"]
[White "Markelova, Lubov"]
[Black "Semenova, Elena1"]
[Result "0-1"]
[WhiteTitle "WFM"]
[BlackTitle "WIM"]
[WhiteElo "2119"]
[BlackElo "2256"]
[WhiteFideId "24131369"]
[BlackFideId "24125148"]
[EventDate "2017.10.02"]
[EventType "blitz"]

1. Nf3 Nf6 2. c4 b6 3. g3 Bb7 4. Bg2 g6 5. O-O Bg7 6. Nc3 O-O 7. Re1 c5 8. e4 d6
9. d4 cxd4 10. Nxd4 Qc7 11. Be3 Nbd7 12. Rc1 Nc5 13. Nd5 Qd7 14. Nxf6+ Bxf6 15.
b4 Ne6 16. Nxe6 Qxe6 17. Bd4 Bxd4 18. Qxd4 Rac8 19. e5 Bxg2 20. Kxg2 dxe5 21.
Rxe5 Qc6+ 22. Qe4 e6 23. c5 Rfd8 24. Qxc6 Rxc6 25. b5 Rxc5 26. Rexc5 bxc5 27.
Rxc5 Rd2 28. a4 Ra2 29. Rc4 Kg7 30. h4 Kf6 31. Kf3 Ke5 32. Ke3 Ra3+ 33. Ke2 f6
34. Kd2 h5 35. Ke2 Kd5 36. Rf4 f5 37. Rb4 Kc5 38. Rf4 e5 39. Rf3 Rxf3 40. Kxf3
Kb4 41. Ke3 Kxa4 42. f3 Kxb5 43. g4 fxg4 44. fxg4 a5 45. gxh5 gxh5 0-1

[Event "ch-RUS Blitz Women 2017"]
[Site "Sochi RUS"]
[Date "2017.10.02"]
[Round "15.16"]
[White "Belova, Olga"]
[Black "Komiagina, Maria"]
[Result "1-0"]
[WhiteTitle "WFM"]
[BlackTitle "WIM"]
[WhiteElo "2094"]
[BlackElo "2234"]
[WhiteFideId "4138422"]
[BlackFideId "4153987"]
[EventDate "2017.10.02"]
[EventType "blitz"]

1. e4 c5 2. Nf3 e6 3. d4 cxd4 4. Nxd4 Nc6 5. Nxc6 bxc6 6. Bd3 Qc7 7. O-O d5 8.
c4 dxe4 9. Bxe4 Nf6 10. Bf3 Bd6 11. h3 h6 12. Nc3 O-O 13. Be3 Rb8 14. Qc2 e5 15.
Rad1 Be6 16. b3 Rfd8 17. Rfe1 a5 18. Ne4 Nxe4 19. Bxe4 Bb4 20. Rxd8+ Rxd8 21.
Rd1 Rxd1+ 22. Qxd1 f5 23. Bc2 Kh7 24. Qf3 Qd7 25. Qe2 e4 26. Bf4 Bc3 27. g4 Qd4
28. Kg2 c5 1-0

[Event "ch-RUS Blitz Women 2017"]
[Site "Sochi RUS"]
[Date "2017.10.02"]
[Round "16.1"]
[White "Bodnaruk, Anastasia"]
[Black "Nechaeva, Marina"]
[Result "1-0"]
[WhiteTitle "IM"]
[BlackTitle "IM"]
[WhiteElo "2432"]
[BlackElo "2431"]
[WhiteFideId "4181751"]
[BlackFideId "4149351"]
[EventDate "2017.10.02"]
[EventType "blitz"]

1. e4 c6 2. d4 d5 3. e5 Bf5 4. Nf3 e6 5. Be2 c5 6. O-O Bg6 7. c3 Nc6 8. a3 cxd4
9. cxd4 Nge7 10. Nc3 Nf5 11. b4 a6 12. Na4 Rc8 13. Bb2 Be7 14. Rc1 O-O 15. Nc5
Bxc5 16. Rxc5 Qd7 17. Qd2 h6 18. Rfc1 Bh5 19. h3 Bxf3 20. Bxf3 Nce7 21. Be2 Rxc5
22. Rxc5 Rc8 23. Qc1 Rc6 24. Bd3 h5 25. g3 Rxc5 26. Qxc5 Qa4 27. Bc2 Qc6 28. g4
hxg4 29. hxg4 Qxc5 30. bxc5 Nh4 31. Ba4 Nc6 32. Kf1 Kf8 33. Ke2 Ke7 34. Bxc6
bxc6 35. Bc1 Kd7 36. Bg5 Ng6 37. Kd3 Ne7 38. Bxe7 Kxe7 39. Kc3 Kd7 40. Kb4 Kc7
41. f4 g6 42. Kc3 Kb7 43. Kd3 Kc7 44. Ke3 Kd7 45. f5 gxf5 46. gxf5 Ke7 47. Kf4
Kf8 48. Kg4 Kg8 49. Kg5 Kg7 50. Kh5 Kh7 51. Kg5 Kg7 52. Kf4 Kh6 53. Kg4 Kh7 54.
Kh5 Kg7 55. Kg5 Kf8 56. fxe6 1-0

[Event "ch-RUS Blitz Women 2017"]
[Site "Sochi RUS"]
[Date "2017.10.02"]
[Round "16.2"]
[White "Goryachkina, Aleksandra"]
[Black "Girya, Olga"]
[Result "1-0"]
[WhiteTitle "WGM"]
[BlackTitle "WGM"]
[WhiteElo "2478"]
[BlackElo "2505"]
[WhiteFideId "4147103"]
[BlackFideId "4195752"]
[EventDate "2017.10.02"]
[EventType "blitz"]

1. e4 c6 2. d4 d5 3. Nc3 dxe4 4. Nxe4 Bf5 5. Ng3 Bg6 6. h4 h6 7. f4 e6 8. Nf3
Nd7 9. h5 Bh7 10. Bd3 Bxd3 11. Qxd3 Ngf6 12. Bd2 Bd6 13. O-O-O Qc7 14. Ne5 O-O
15. Ne4 Rad8 16. Nxd7 Nxd7 17. Nxd6 Qxd6 18. g4 c5 19. g5 hxg5 20. fxg5 Qxd4 21.
Qg3 Qe5 22. Bf4 Qf5 23. Bc7 e5 24. Bxd8 Rxd8 25. Rhf1 Qe6 26. g6 Rf8 27. gxf7+
Rxf7 28. Rxf7 Qxf7 29. h6 g6 30. Qg5 Kh7 31. Kb1 e4 32. a3 c4 33. Rd6 Nf8 34.
Rf6 Qe7 35. Qf4 Kg8 36. Rxf8+ Qxf8 37. h7+ 1-0